000 00579nam a2200217Ia 4500
001 9562
003 GE_BSU
008 181216s||||||||xx |||||||||||||| ||und||
040 _cGE_BSU
080 _a0132-0769
245 _aГосударство и право. №3. 2014. Март
245 _bМарт 2013
245 _cГл.ред.А.С.Автономов
260 _aМосква
260 _bНаука
260 _c2013
300 _a128стр.29см.
653 _aГосударство и право.
653 _aპერიოდიკა
942 _cCR
999 _c42854
_d42854